[Event "National Elementary Championship"]
[Site "Columbus, Ohio, United States"]
[Date "2022.05.15"]
[Round "6.6"]
[White "Golsefidy, Sepehr"]
[Black "Venkatesh, Narayan"]
[Result "1-0"]
[TimeControl "G/90;d5"]
[WhiteElo "2080"]
[BlackElo "1933"]

1. e4 {[%clk 01:29:58]} {[%emt 00:00:34]} e6 {[%clk 01:30:00]} {[%emt
00:00:04]} 2. d4 {[%clk 01:29:58]} d5 {[%clk 01:30:00]} 3. e5 {[%clk 01:29:58]}
c5 {[%clk 01:30:00]} 4. c3 {[%clk 01:29:54]} {[%emt 00:00:09]} Qb6 {[%clk
01:30:00]} 5. Nf3 {[%clk 01:29:48]} {[%emt 00:00:18]} Bd7 {[%clk 01:30:00]} 6.
Be2 {[%clk 01:29:48]} cxd4 {[%clk 01:29:59]} {[%emt 00:00:03]} 7. cxd4 {[%clk
01:27:03]} {[%emt 00:03:21]} Bb5 {[%clk 01:29:59]} 8. O-O {[%clk 01:26:05]}
{[%emt 00:00:40]} Bxe2 {[%clk 01:28:42]} {[%emt 00:01:23]} 9. Qxe2 {[%clk
01:26:03]} {[%emt 00:00:08]} Nc6 {[%clk 01:28:40]} 10. Nc3 {[%clk 01:17:46]}
{[%emt 00:08:19]} Nh6 {[%clk 01:07:09]} {[%emt 00:21:39]} 11. Bxh6 {[%clk
01:03:24]} {[%emt 00:14:33]} gxh6 {[%clk 01:07:09]} 12. Rac1 {[%clk 00:59:59]}
{[%emt 00:03:23]} O-O-O {[%clk 00:36:27]} {[%emt 00:30:46]} 13. Na4 {[%clk
00:30:00]} {[%emt 00:30:04]} Qa5 {[%clk 00:31:21]} {[%emt 00:05:26]} 14. Nc5
{[%clk 00:28:33]} {[%emt 00:01:17]} Bxc5 {[%clk 00:31:17]} {[%emt 00:00:22]} 15.
Rxc5 {[%clk 00:28:33]} Qb6 {[%clk 00:30:19]} {[%emt 00:00:51]} 16. Rfc1 {[%clk
00:27:17]} {[%emt 00:01:21]} Kb8 {[%clk 00:27:48]} {[%emt 00:02:36]} 17. R1c3
{[%clk 00:19:28]} {[%emt 00:07:54]} Rc8 {[%clk 00:25:00]} {[%emt 00:02:55]} 18.
Qc2 {[%clk 00:19:24]} {[%emt 00:00:22]} Rc7 {[%clk 00:19:27]} {[%emt 00:05:25]}
19. a3 {[%clk 00:19:13]} {[%emt 00:00:15]} Rhc8 {[%clk 00:14:54]} {[%emt
00:04:51]} 20. b4 {[%clk 00:12:55]} {[%emt 00:06:09]} a5 {[%clk 00:09:05]}
{[%emt 00:06:37]} 21. bxa5 {[%clk 00:08:42]} {[%emt 00:03:43]} Nxa5 {[%clk
00:08:46]} {[%emt 00:00:22]} 22. Rxc7 {[%clk 00:08:12]} {[%emt 00:00:29]} Rxc7
{[%clk 00:08:46]} {[%emt 00:00:11]} 23. Rxc7 {[%clk 00:07:56]} {[%emt
00:00:14]} Qxc7 {[%clk 00:08:46]} {[%emt 00:00:29]} 24. Qd2 {[%clk 00:07:33]}
{[%emt 00:00:07]} Nc4 {[%clk 00:07:55]} {[%emt 00:00:48]} 25. Qb4 {[%clk
00:07:02]} {[%emt 00:00:38]} Qb6 {[%clk 00:06:50]} {[%emt 00:00:53]} 26. Qf8+
{[%clk 00:07:00]} {[%emt 00:00:24]} Ka7 {[%clk 00:06:50]} {[%emt 00:00:06]} 27.
h4 {[%clk 00:06:31]} {[%emt 00:00:32]} Qa5 {[%clk 00:05:16]} {[%emt 00:01:38]}
28. Qxf7 {[%clk 00:06:15]} {[%emt 00:00:20]} Qxa3 {[%clk 00:05:03]} {[%emt
00:00:42]} 29. Qxe6 {[%clk 00:06:03]} Qc1+ {[%clk 00:04:22]} {[%emt 00:00:42]}
30. Kh2 {[%clk 00:06:03]} {[%emt 00:00:03]} Qf4+ {[%clk 00:04:22]} {[%emt
00:00:04]} 31. Kh3 {[%clk 00:06:03]} {[%emt 00:00:04]} Nb6 {[%clk 00:02:20]}
{[%emt 00:02:02]} 32. Qg4 {[%clk 00:05:30]} {[%emt 00:00:40]} Qc1 {[%clk
00:02:12]} {[%emt 00:00:13]} 33. e6 {[%clk 00:05:21]} {[%emt 00:00:12]} Qh1+
{[%clk 00:01:53]} {[%emt 00:00:24]} 34. Kg3 {[%clk 00:05:21]} {[%emt 00:00:10]}
Qc1 {[%clk 00:01:53]} {[%emt 00:00:21]} 35. Qf4 {[%clk 00:05:09]} Qc8 {[%emt
00:00:09]} 36. e7 {[%clk 00:04:42]} {[%emt 00:00:25]} Qg8+ {[%clk 00:01:50]} 37.
Kh2 {[%clk 00:04:34]} {[%emt 00:00:36]} Nd7 {[%clk 00:01:44]} 38. Qf5 {[%clk
00:04:24]} {[%emt 00:00:05]} Qe8 {[%clk 00:01:44]} {[%emt 00:00:07]} 39. Qe6
{[%clk 00:04:18]} {[%emt 00:00:09]} b5 {[%clk 00:01:37]} {[%emt 00:00:16]} 40.
Ne5 {[%clk 00:03:34]} {[%emt 00:00:43]} Nxe5 {[%clk 00:01:15]} {[%emt
00:00:27]} 41. Qxe5 {[%clk 00:03:29]} {[%emt 00:00:26]} b4 {[%clk 00:01:14]} 42.
Qc7+ {[%clk 00:03:29]} Ka6 {[%clk 00:01:14]} 43. Qd8 {[%clk 00:03:29]} {[%emt
00:00:08]} Qxd8 {[%clk 00:00:24]} {[%emt 00:00:50]} 44. exd8=Q {[%clk
00:03:29]} {[%emt 00:00:20]} Kb5 {[%clk 00:00:24]} 45. Qxd5+ Ka4 46. Qc4 {[%clk
00:03:26]} Ka3 {[%clk 00:00:24]} {[%emt 00:00:03]} 47. d5 {[%clk 00:03:26]} b3
{[%clk 00:00:24]} 48. d6 {[%clk 00:03:12]} {[%emt 00:00:23]} b2 {[%clk
00:00:24]} 49. Qc2 {[%clk 00:03:09]} {[%emt 00:00:04]} Ka2 {[%clk 00:00:24]}
{[%emt 00:00:14]} 50. Qa4+ {[%clk 00:03:09]} Kb1 {[%clk 00:00:24]} 51. d7
{[%clk 00:03:09]} Kc1 {[%clk 00:00:24]} {[%emt 00:00:04]} 52. Qc4+ {[%clk
00:03:09]} Kd1 {[%clk 00:00:24]} 1-0

[Event "National Elementary Championship"]
[Site "Columbus, Ohio, United States"]
[Date "2022.05.15"]
[Round "6.7"]
[White "Kamesh, Vidyuth"]
[Black "Levkov, Ilya"]
[Result "0-1"]
[TimeControl "G/90;d5"]
[WhiteElo "1684"]
[BlackElo "2011"]

1. e4 {[%clk 01:30:00]} {[%emt 00:00:04]} c5 {[%clk 01:29:57]} {[%emt
00:00:09]} 2. Nf3 {[%clk 01:28:47]} {[%emt 00:01:18]} d6 {[%clk 01:29:55]}
{[%emt 00:00:07]} 3. d4 {[%clk 01:28:37]} {[%emt 00:00:15]} cxd4 {[%clk
01:29:53]} {[%emt 00:00:07]} 4. Nxd4 {[%clk 01:28:37]} {[%emt 00:00:02]} Nf6
{[%clk 01:29:49]} {[%emt 00:00:09]} 5. Nd2 {[%clk 01:27:39]} {[%emt 00:01:04]}
a6 {[%clk 01:26:16]} {[%emt 00:03:38]} 6. Bc4 {[%clk 01:27:10]} {[%emt
00:00:33]} e6 {[%clk 01:25:39]} {[%emt 00:00:42]} 7. O-O {[%clk 01:26:35]}
{[%emt 00:00:39]} Be7 {[%clk 01:25:22]} {[%emt 00:00:22]} 8. Re1 {[%clk
01:26:03]} {[%emt 00:00:37]} O-O {[%clk 01:24:52]} {[%emt 00:00:35]} 9. N2f3
{[%clk 01:20:22]} {[%emt 00:05:47]} b5 {[%clk 01:22:41]} {[%emt 00:02:16]} 10.
Bd3 {[%clk 01:17:48]} {[%emt 00:02:38]} Bb7 {[%clk 01:22:26]} {[%emt 00:00:21]}
11. c3 {[%clk 01:16:52]} {[%emt 00:01:01]} Nbd7 {[%clk 01:21:50]} {[%emt
00:00:41]} 12. Nb3 {[%clk 01:16:07]} {[%emt 00:00:50]} Nc5 {[%clk 01:15:05]}
{[%emt 00:06:51]} 13. Nxc5 {[%clk 01:15:05]} {[%emt 00:01:06]} dxc5 {[%clk
01:15:04]} {[%emt 00:00:06]} 14. Bf4 {[%clk 01:13:57]} {[%emt 00:01:13]} Qb6
{[%clk 01:13:45]} {[%emt 00:01:25]} 15. Qe2 {[%clk 01:11:48]} {[%emt 00:02:13]}
h6 {[%clk 01:06:37]} {[%emt 00:07:13]} 16. e5 {[%clk 01:03:41]} {[%emt
00:08:11]} Nd5 {[%clk 01:01:27]} {[%emt 00:05:16]} 17. Bg3 {[%clk 01:02:05]}
{[%emt 00:01:41]} Rad8 {[%clk 00:52:47]} {[%emt 00:08:45]} 18. Be4 {[%clk
01:00:25]} {[%emt 00:01:45]} Rd7 {[%clk 00:48:02]} {[%emt 00:04:51]} 19. Rad1
{[%clk 00:58:12]} {[%emt 00:02:17]} Rfd8 {[%clk 00:46:42]} {[%emt 00:01:26]} 20.
h3 {[%clk 00:49:42]} {[%emt 00:08:35]} Nxc3 {[%clk 00:40:24]} {[%emt 00:06:23]}
21. bxc3 {[%clk 00:47:02]} {[%emt 00:02:45]} Rxd1 {[%clk 00:38:07]} {[%emt
00:02:22]} 22. Rxd1 {[%clk 00:46:31]} {[%emt 00:00:35]} Rxd1+ {[%clk 00:38:06]}
{[%emt 00:00:07]} 23. Qxd1 {[%clk 00:46:26]} {[%emt 00:00:10]} Bxe4 {[%clk
00:38:04]} {[%emt 00:00:06]} 24. Nd2 {[%clk 00:46:07]} {[%emt 00:00:23]} Bd5
{[%clk 00:34:49]} {[%emt 00:03:20]} 25. a3 {[%clk 00:45:57]} {[%emt 00:00:16]}
a5 {[%clk 00:31:10]} {[%emt 00:03:44]} 26. Qg4 {[%clk 00:45:49]} {[%emt
00:00:12]} b4 {[%clk 00:29:39]} {[%emt 00:01:37]} 27. axb4 {[%clk 00:45:42]}
{[%emt 00:00:12]} axb4 {[%clk 00:28:42]} {[%emt 00:01:02]} 28. c4 {[%clk
00:45:40]} {[%emt 00:00:06]} Bc6 {[%clk 00:28:33]} {[%emt 00:00:15]} 29. Bf4
{[%clk 00:45:11]} {[%emt 00:00:33]} Kf8 {[%clk 00:27:25]} {[%emt 00:01:14]} 30.
Qd1 {[%clk 00:44:31]} {[%emt 00:00:45]} Qd8 {[%clk 00:25:12]} {[%emt 00:02:18]}
31. Qc2 {[%clk 00:43:56]} {[%emt 00:00:39]} Bg5 {[%clk 00:24:11]} {[%emt
00:01:06]} 32. Bxg5 {[%clk 00:42:28]} {[%emt 00:01:33]} Qxg5 {[%clk 00:24:09]}
{[%emt 00:00:07]} 33. Qd3 {[%clk 00:42:23]} {[%emt 00:00:09]} Qxg2# {[%clk
00:24:06]} 0-1

[Event "National Elementary Championship"]
[Site "Columbus, Ohio, United States"]
[Date "2022.05.15"]
[Round "6.8"]
[White "Colville, Julian"]
[Black "Yakupov, Daut"]
[Result "1-0"]
[TimeControl "G/90;d5"]
[WhiteElo "1950"]
[BlackElo "1639"]

1. e4 {[%clk 01:30:00]} c5 {[%clk 01:30:00]} {[%emt 00:00:04]} 2. b3 {[%clk
01:30:00]} {[%emt 00:00:03]} Nc6 {[%clk 01:29:40]} {[%emt 00:00:26]} 3. Bb2
{[%clk 01:29:57]} {[%emt 00:00:09]} d6 {[%clk 01:28:40]} {[%emt 00:01:05]} 4.
Bb5 {[%clk 01:29:25]} {[%emt 00:00:36]} Bd7 {[%clk 01:27:49]} {[%emt 00:00:56]}
5. Ne2 {[%clk 01:29:19]} {[%emt 00:00:11]} Nf6 {[%clk 01:25:58]} {[%emt
00:01:55]} 6. d3 {[%clk 01:28:57]} {[%emt 00:00:27]} e5 {[%clk 01:24:12]}
{[%emt 00:01:53]} 7. O-O {[%clk 01:28:46]} {[%emt 00:00:16]} Be7 {[%clk
01:23:57]} {[%emt 00:00:20]} 8. f4 {[%clk 01:27:51]} {[%emt 00:01:00]} exf4
{[%clk 01:22:58]} {[%emt 00:01:04]} 9. Nxf4 {[%clk 01:27:44]} {[%emt 00:00:12]}
O-O {[%clk 01:22:26]} {[%emt 00:00:37]} 10. Nd2 {[%clk 01:27:29]} {[%emt
00:00:19]} Bg4 {[%clk 01:21:34]} {[%emt 00:00:58]} 11. Qe1 {[%clk 01:27:15]}
{[%emt 00:00:19]} Ne5 {[%clk 01:20:55]} {[%emt 00:00:44]} 12. h3 {[%clk
01:26:46]} {[%emt 00:00:34]} a6 {[%clk 01:18:49]} {[%emt 00:02:12]} 13. Bc4
{[%clk 01:26:41]} {[%emt 00:00:10]} b5 {[%clk 01:17:14]} {[%emt 00:01:39]} 14.
Bd5 {[%clk 01:26:40]} {[%emt 00:00:06]} Nxd5 {[%clk 01:17:12]} {[%emt
00:00:07]} 15. exd5 {[%clk 01:23:31]} {[%emt 00:03:15]} Bd7 {[%clk 01:15:55]}
{[%emt 00:01:21]} 16. Ne4 {[%clk 01:22:46]} {[%emt 00:00:50]} f5 {[%clk
01:12:00]} {[%emt 00:03:59]} 17. Nxc5 {[%clk 01:21:21]} {[%emt 00:01:32]} dxc5
{[%clk 01:08:24]} {[%emt 00:03:41]} 18. Bxe5 {[%clk 01:20:50]} {[%emt
00:00:35]} Bg5 {[%clk 01:07:22]} {[%emt 00:01:06]} 19. Qc3 {[%clk 01:20:23]}
{[%emt 00:00:34]} Bf6 {[%clk 01:06:19]} {[%emt 00:01:07]} 20. Rae1 {[%clk
01:19:01]} {[%emt 00:01:27]} Bxe5 {[%clk 01:03:50]} {[%emt 00:02:35]} 21. Rxe5
{[%clk 01:18:48]} {[%emt 00:00:17]} Qf6 {[%clk 01:03:07]} {[%emt 00:00:48]} 22.
Ne6 {[%clk 01:18:38]} {[%emt 00:00:16]} Bxe6 {[%clk 01:02:47]} {[%emt
00:00:25]} 23. dxe6 {[%clk 01:18:36]} {[%emt 00:00:07]} f4 {[%clk 00:59:19]}
{[%emt 00:03:32]} 24. e7 {[%clk 01:18:27]} {[%emt 00:00:14]} Rfe8 {[%clk
00:59:11]} {[%emt 00:00:12]} 25. Qxc5 {[%clk 01:18:20]} {[%emt 00:00:12]} Rac8
{[%clk 00:58:55]} {[%emt 00:00:22]} 26. Qd5+ {[%clk 01:17:59]} {[%emt
00:00:26]} Kh8 {[%clk 00:58:26]} {[%emt 00:00:33]} 27. Qe4 {[%clk 01:17:27]}
{[%emt 00:00:36]} g5 {[%clk 00:57:23]} {[%emt 00:01:10]} 28. d4 {[%clk
01:17:14]} {[%emt 00:00:18]} Rc7 {[%clk 00:56:48]} {[%emt 00:00:39]} 29. Re1
{[%clk 01:16:54]} {[%emt 00:00:26]} h6 {[%clk 00:51:35]} {[%emt 00:05:19]} 30.
Re6 {[%clk 01:16:42]} {[%emt 00:00:17]} Qg7 {[%clk 00:50:57]} {[%emt 00:00:43]}
31. Re5 {[%clk 01:15:17]} {[%emt 00:01:29]} Rd7 {[%clk 00:48:55]} {[%emt
00:02:07]} 32. d5 {[%clk 01:13:58]} {[%emt 00:01:24]} f3 {[%clk 00:39:38]}
{[%emt 00:09:23]} 33. gxf3 {[%clk 01:13:17]} {[%emt 00:00:45]} Rd6 {[%clk
00:38:32]} {[%emt 00:01:11]} 34. Re6 {[%clk 01:11:42]} {[%emt 00:01:40]} Rxe6
{[%clk 00:37:02]} {[%emt 00:01:36]} 35. Qxe6 {[%clk 01:11:37]} {[%emt
00:00:08]} Qd4+ {[%clk 00:37:02]} {[%emt 00:00:06]} 36. Kh1 {[%clk 01:11:28]}
{[%emt 00:00:14]} Qh4 {[%clk 00:35:41]} {[%emt 00:01:26]} 37. d6 {[%clk
01:11:22]} {[%emt 00:00:10]} g4 {[%clk 00:35:37]} {[%emt 00:00:08]} 38. Qe5+
{[%clk 01:09:27]} {[%emt 00:02:01]} Kh7 {[%clk 00:32:29]} {[%emt 00:03:13]} 39.
d7 {[%clk 01:08:44]} {[%emt 00:00:48]} Rg8 {[%clk 00:30:58]} {[%emt 00:01:37]}
40. e8=Q {[%clk 01:07:28]} {[%emt 00:01:21]} Qxh3+ {[%clk 00:30:25]} {[%emt
00:00:37]} 41. Kg1 {[%clk 01:07:15]} 1-0

[Event "National Elementary Championship"]
[Site "Columbus, Ohio, United States"]
[Date "2022.05.15"]
[Round "6.9"]
[White "Boydell, Oliver"]
[Black "Xia, Ruoxiao"]
[Result "1/2-1/2"]
[TimeControl "G/90;d5"]
[WhiteElo "1760"]
[BlackElo "1999"]

1. e4 {[%clk 01:30:00]} c5 {[%clk 01:29:58]} {[%emt 00:00:15]} 2. Nf3 {[%clk
01:29:54]} e6 {[%clk 01:29:58]} {[%emt 00:00:04]} 3. d4 {[%clk 01:29:46]}
{[%emt 00:00:16]} cxd4 {[%clk 01:29:58]} 4. Nxd4 {[%clk 01:29:41]} {[%emt
00:00:08]} Nf6 {[%clk 01:29:55]} {[%emt 00:00:10]} 5. Bd3 {[%clk 01:29:36]}
{[%emt 00:00:06]} Nc6 {[%clk 01:29:55]} {[%emt 00:00:46]} 6. Nxc6 {[%clk
01:29:14]} bxc6 {[%clk 01:29:55]} 7. O-O {[%clk 01:28:32]} {[%emt 00:00:36]} d5
{[%clk 01:29:54]} {[%emt 00:00:17]} 8. Nc3 {[%clk 01:27:39]} {[%emt 00:00:47]}
Bd6 {[%clk 01:29:10]} {[%emt 00:00:54]} 9. Be3 {[%clk 01:24:44]} {[%emt
00:02:53]} O-O {[%clk 01:26:42]} {[%emt 00:02:35]} 10. f4 {[%clk 01:22:57]}
{[%emt 00:01:51]} e5 {[%emt 00:07:28]} 11. fxe5 {[%clk 01:17:48]} {[%emt
00:04:58]} Bxe5 {[%clk 01:19:29]} {[%emt 00:00:21]} 12. exd5 {[%clk 01:11:49]}
{[%emt 00:05:57]} Bg4 {[%clk 01:12:20]} {[%emt 00:07:13]} 13. Qe1 {[%clk
01:06:44]} {[%emt 00:05:06]} Nxd5 {[%clk 01:06:03]} {[%emt 00:06:24]} 14. Nxd5
{[%clk 01:01:41]} {[%emt 00:05:08]} cxd5 {[%clk 01:05:27]} {[%emt 00:00:54]} 15.
Bc5 {[%clk 00:47:52]} {[%emt 00:13:40]} Re8 {[%clk 01:02:48]} {[%emt 00:02:44]}
16. Qf2 {[%clk 00:41:35]} {[%emt 00:06:22]} Qc7 {[%clk 00:59:14]} {[%emt
00:04:03]} 17. h3 {[%clk 00:36:07]} {[%emt 00:05:09]} Bh5 {[%clk 00:56:49]}
{[%emt 00:02:29]} 18. Bd4 {[%clk 00:32:31]} {[%emt 00:03:41]} Rab8 {[%clk
00:41:36]} {[%emt 00:15:19]} 19. b3 {[%clk 00:28:57]} {[%emt 00:04:20]} Re7
{[%clk 00:17:24]} {[%emt 00:23:36]} 20. Qh4 {[%clk 00:24:44]} {[%emt 00:04:18]}
Bg6 {[%clk 00:16:15]} {[%emt 00:01:16]} 21. Bxg6 {[%clk 00:24:14]} {[%emt
00:00:32]} hxg6 {[%clk 00:15:50]} {[%emt 00:00:36]} 22. Bxe5 {[%clk 00:21:18]}
{[%emt 00:02:55]} Rxe5 {[%clk 00:14:40]} {[%emt 00:01:15]} 23. Qf4 {[%clk
00:20:12]} {[%emt 00:01:13]} Rbe8 {[%clk 00:12:54]} {[%emt 00:01:50]} 24. Rad1
{[%clk 00:18:51]} {[%emt 00:01:28]} Qc5+ {[%clk 00:10:18]} {[%emt 00:02:39]} 25.
Kh1 {[%clk 00:17:30]} {[%emt 00:01:26]} Rf5 {[%clk 00:09:28]} {[%emt 00:00:54]}
26. Qd2 {[%clk 00:16:53]} {[%emt 00:00:42]} Rd8 {[%clk 00:07:42]} {[%emt
00:01:52]} 27. Rxf5 {[%clk 00:15:23]} {[%emt 00:01:35]} gxf5 {[%clk 00:07:10]}
{[%emt 00:00:38]} 28. Qg5 {[%clk 00:14:19]} {[%emt 00:01:10]} Qc8 {[%clk
00:05:32]} {[%emt 00:01:40]} 29. Rd4 {[%clk 00:10:21]} {[%emt 00:04:07]} Rd6
{[%clk 00:02:08]} {[%emt 00:03:26]} 30. Qe7 {[%clk 00:07:50]} {[%emt 00:02:38]}
Qe6 {[%clk 00:02:08]} {[%emt 00:00:11]} 31. Qxa7 {[%clk 00:04:07]} {[%emt
00:03:38]} Qe1+ {[%clk 00:01:56]} {[%emt 00:00:17]} 32. Kh2 {[%clk 00:04:07]}
{[%emt 00:00:25]} Qe5+ {[%clk 00:01:54]} 1/2-1/2

[Event "National Elementary Championship"]
[Site "Columbus, Ohio, United States"]
[Date "2022.05.15"]
[Round "6.10"]
[White "Murugan, Ayyappan"]
[Black "Bondalapati, Sri"]
[Result "1-0"]
[TimeControl "G/90;d5"]
[WhiteElo "1691"]
[BlackElo "1919"]

1. d4 {[%clk 01:30:00]} d5 {[%clk 01:29:47]} {[%emt 00:00:28]} 2. Bf4 {[%clk
01:30:00]} e6 {[%clk 01:28:34]} {[%emt 00:01:17]} 3. e3 {[%clk 01:29:46]}
{[%emt 00:00:08]} Nf6 {[%clk 01:28:04]} {[%emt 00:00:37]} 4. Nd2 {[%clk
01:29:42]} {[%emt 00:00:13]} c5 {[%clk 01:27:55]} {[%emt 00:00:12]} 5. c3
{[%clk 01:29:39]} {[%emt 00:00:08]} Nc6 {[%clk 01:27:27]} {[%emt 00:00:24]} 6.
Ngf3 {[%clk 01:29:19]} {[%emt 00:00:27]} Bd6 {[%clk 01:25:13]} {[%emt
00:02:17]} 7. Bg3 {[%clk 01:29:14]} {[%emt 00:00:40]} O-O {[%clk 01:24:34]}
{[%emt 00:00:31]} 8. Ne5 {[%clk 01:28:18]} {[%emt 00:00:43]} Bxe5 {[%clk
01:21:36]} {[%emt 00:03:22]} 9. dxe5 {[%clk 01:27:13]} {[%emt 00:01:14]} Nd7
{[%clk 01:21:34]} 10. f4 {[%clk 01:27:05]} c4 {[%clk 01:21:19]} {[%emt
00:00:30]} 11. Nf3 {[%clk 01:21:20]} {[%emt 00:05:39]} Qb6 {[%clk 01:21:10]}
{[%emt 00:00:15]} 12. Qd2 {[%clk 01:20:34]} {[%emt 00:01:24]} Nc5 {[%clk
01:21:10]} 13. Nd4 {[%clk 01:17:08]} {[%emt 00:03:36]} Ne4 {[%clk 01:20:57]}
{[%emt 00:00:06]} 14. Qc2 {[%clk 01:16:05]} {[%emt 00:00:44]} Bd7 {[%clk
01:19:26]} {[%emt 00:01:35]} 15. Be2 {[%clk 01:12:11]} {[%emt 00:04:37]} Ne7
{[%clk 01:11:00]} {[%emt 00:08:20]} 16. Bf3 {[%clk 01:09:10]} {[%emt 00:02:36]}
Nc5 {[%clk 01:10:08]} {[%emt 00:01:17]} 17. O-O {[%clk 01:05:36]} {[%emt
00:03:20]} Rad8 {[%clk 01:09:30]} {[%emt 00:00:45]} 18. Bf2 {[%clk 01:00:03]}
{[%emt 00:05:47]} Nf5 {[%clk 01:03:25]} {[%emt 00:06:00]} 19. Nxf5 {[%clk
00:57:39]} {[%emt 00:02:34]} exf5 {[%clk 01:03:24]} {[%emt 00:00:05]} 20. Bh4
{[%clk 00:51:14]} {[%emt 00:06:27]} Ba4 {[%clk 01:02:38]} {[%emt 00:01:05]} 21.
Bxd8 {[%clk 00:50:33]} {[%emt 00:00:31]} Rxd8 {[%clk 01:02:31]} {[%emt
00:00:35]} 22. Qd2 {[%clk 00:47:41]} {[%emt 00:02:30]} Nd3 {[%clk 01:02:27]}
{[%emt 00:00:26]} 23. Be2 {[%clk 00:46:25]} {[%emt 00:01:23]} Nc5 {[%clk
00:59:54]} {[%emt 00:02:31]} 24. Qd4 {[%clk 00:43:49]} {[%emt 00:02:26]} a5
{[%clk 00:50:53]} {[%emt 00:09:36]} 25. Bd1 {[%clk 00:41:30]} {[%emt 00:02:06]}
Bxd1 {[%clk 00:49:21]} {[%emt 00:01:36]} 26. Rfxd1 {[%clk 00:40:42]} {[%emt
00:00:48]} Qb5 {[%clk 00:48:59]} {[%emt 00:00:36]} 27. Rab1 {[%clk 00:34:46]}
{[%emt 00:05:49]} a4 {[%clk 00:48:38]} {[%emt 00:00:44]} 28. Qd2 {[%clk
00:29:51]} {[%emt 00:04:42]} Ne4 {[%clk 00:48:30]} {[%emt 00:00:25]} 29. Qc2
{[%clk 00:29:26]} {[%emt 00:00:14]} Qc5 {[%clk 00:46:46]} {[%emt 00:01:58]} 30.
Rd4 {[%clk 00:28:59]} {[%emt 00:00:26]} b5 {[%clk 00:46:23]} {[%emt 00:00:43]}
31. Rbd1 {[%clk 00:27:42]} {[%emt 00:01:14]} h6 {[%clk 00:46:06]} {[%emt
00:00:19]} 32. g4 {[%clk 00:27:21]} {[%emt 00:00:26]} g6 {[%clk 00:44:25]}
{[%emt 00:01:47]} 33. gxf5 {[%clk 00:27:20]} {[%emt 00:00:17]} gxf5 {[%clk
00:44:19]} {[%emt 00:00:03]} 34. Qg2+ {[%clk 00:27:20]} {[%emt 00:00:10]} Kh8
{[%clk 00:44:08]} {[%emt 00:00:11]} 35. Qh3 {[%clk 00:26:54]} {[%emt 00:00:31]}
Rg8+ {[%clk 00:44:07]} {[%emt 00:00:23]} 36. Kf1 {[%clk 00:26:50]} Qf8 {[%clk
00:44:07]} {[%emt 00:00:15]} 37. Rxe4 {[%clk 00:24:32]} {[%emt 00:02:18]} fxe4
{[%clk 00:43:00]} {[%emt 00:00:56]} 38. Rxd5 {[%clk 00:23:26]} {[%emt
00:01:09]} Qg7 {[%clk 00:42:59]} {[%emt 00:00:22]} 39. Qg3 {[%clk 00:23:20]}
Qxg3 {[%clk 00:42:27]} {[%emt 00:00:31]} 40. hxg3 {[%clk 00:23:20]} {[%emt
00:00:07]} a3 {[%clk 00:42:05]} {[%emt 00:00:34]} 41. Rxb5 {[%clk 00:22:02]}
{[%emt 00:01:15]} axb2 {[%clk 00:41:59]} {[%emt 00:00:14]} 42. Rxb2 {[%clk
00:22:02]} {[%emt 00:00:16]} Rxg3 {[%clk 00:41:52]} {[%emt 00:00:04]} 43. Re2
{[%clk 00:21:07]} {[%emt 00:00:54]} h5 {[%clk 00:41:45]} {[%emt 00:00:14]} 44.
a4 {[%clk 00:20:52]} {[%emt 00:00:18]} Kh7 {[%clk 00:41:36]} {[%emt 00:00:15]}
45. a5 {[%clk 00:20:15]} {[%emt 00:00:42]} Rg8 {[%clk 00:41:33]} {[%emt
00:00:17]} 46. a6 {[%clk 00:20:08]} {[%emt 00:00:05]} Ra8 {[%clk 00:41:33]}
{[%emt 00:00:06]} 47. Ra2 {[%clk 00:20:08]} {[%emt 00:00:04]} Kg6 {[%clk
00:41:28]} {[%emt 00:00:30]} 48. Kg2 {[%clk 00:20:00]} {[%emt 00:00:04]} Kf5
{[%clk 00:41:12]} {[%emt 00:00:06]} 49. Kh3 {[%clk 00:19:55]} {[%emt 00:00:14]}
Ke6 {[%clk 00:41:01]} {[%emt 00:00:43]} 50. Kh4 {[%clk 00:19:42]} {[%emt
00:00:07]} Kf5 {[%clk 00:40:59]} 51. a7 {[%clk 00:19:38]} {[%emt 00:00:04]} f6
{[%clk 00:40:02]} {[%emt 00:00:56]} 52. exf6 {[%clk 00:19:23]} {[%emt
00:00:18]} Kxf6 {[%clk 00:39:52]} {[%emt 00:00:18]} 53. Ra6+ {[%clk 00:19:08]}
{[%emt 00:00:17]} 1-0